|
|
|
|
| LEADER |
00000nab a2200000 a 4500 |
| 001 |
vtls009456144 |
| 003 |
SK-MaSNL |
| 005 |
20260304152514.0 |
| 008 |
250506c2008 xo |||||||||||000 b|slo |
| 015 |
|
|
|a SNBRB2008/12
|2 snkbucl
|
| 035 |
|
|
|a (uuid)c7d2ed92-6df4-4f15-ab10-b05482d8ef6b
|
| 035 |
|
|
|a urn:nbn:sk:snk-abetx9
|
| 035 |
|
|
|a (urnnbn)urn:nbn:sk:snk:ar-00760m
|
| 038 |
|
|
|a SNKBUCL
|
| 040 |
|
|
|a SNKBUCL
|b slo
|c SNKBUCL
|e AACR2
|
| 041 |
0 |
|
|a slo
|
| 044 |
|
|
|a xo
|c SK
|
| 080 |
|
|
|a 639.211
|x (437.6)
|2 1997
|
| 080 |
|
|
|a 502.743
|x (437.6)
|2 1997
|
| 100 |
1 |
|
|a Halas, Juraj,
|d 1953-2019
|4 ivr
|4 aut
|9 181897
|
| 245 |
1 |
0 |
|a Posledná hlavátka?
|c Juraj Halas, Tibor Krajč
|
| 300 |
|
|
|b Fotogr.
|
| 650 |
0 |
7 |
|a hlavátka obyčajná
|2 snkbucl
|9 123759
|
| 650 |
0 |
7 |
|a ochrana živočíchov
|2 snkbucl
|9 3949
|
| 650 |
0 |
7 |
|a rybolov
|2 snkbucl
|9 2838
|
| 700 |
1 |
|
|a Krajč, Tibor
|4 ive
|9 541660
|
| 773 |
0 |
|
|t Poľovníctvo a rybárstvo
|g Roč. 60, č. 12 (2008), s. 100-102
|x 0231-8768
|
| 850 |
|
|
|a Slovenská národná knižnica
|
| 852 |
|
|
|a Slovenská národná knižnica
|
| 954 |
|
|
|a odborná, vedecká literatúra pôvodná (slovenská)
|2 lita
|
| 958 |
|
|
|a article27
|
| 958 |
|
|
|a SK
|
| 958 |
|
|
|a OND
|
| 958 |
|
|
|a EUIPO
|
| 999 |
|
|
|c 2949417
|d 2951347
|